Fathers and Sons at FIFA World Cups - Statistics

General Stats
  • This quiz has been taken 14 times
  • The average score is 14 of 26
Answer Stats
Hint Extra Hint Answer % Correct
Peter and Kasper Denmark 1998, 2018, 2022 Schmeichel
100%
Miguel Angel and Xabi Spain 1982, 2006, 2010, 2014 Alonso
93%
Cesare and Paolo Italy 1962, 1990, 1994, 1998, 2002 Maldini
93%
Lilian and Marcus France 1998, 2002, 2006, 2022 Thuram
86%
Danny and Daley Netherlands 1990, 1994, 2014, 2022 Blind
79%
Nicolae and Ioan Romania 1970, 1990, 1994 Lupescu
79%
Miguel and Pepe Spain 1966, 2006, 2010, 2014, 2018 Reina
79%
Pablo and Diego Uruguay 1966, 1974, 2002, 2010, 2014 Forlán
71%
Claudio and Giovanni United States 1994, 1998, 2002, 2006, 2022 Reyna
71%
Bum-kun and Du-ri South Korea 1986, 2002, 2010 Cha
64%
Jean and Youri France 1966, 1998, 2002 Djorkaeff
64%
Roy and Patrik & Daniel Sweden 1978, 1994, 2002, 2006 Andersson
57%
Jan and Jan Czechoslovakia 1982 / Slovakia 2010 Kozak
57%
Jan and Gert Belgium 1970, 1998, 2002 Verheyen
57%
Iomar and Thiago Brazil 1990, 1994 / Spain 2018 Mazinho & Alcântara
50%
Anders and Tobias Sweden 1978, 2002, 2006 Linderoth
43%
Julio and Paolo Uruguay 1970, 1974, 2002 Montero
43%
Manuel and Manolo Spain 1966, 1990 Sanchis
43%
Wlodzimierz and Ebi Poland 1982, 1986, 2006 Smolarek
43%
Luis and Mario Mexico 1930, 1950 Perez
36%
Vladimir and Vladimir Czechoslovakia 1990 / Slovakia 2010 Weiss
36%
Tomas, Javier and Javier Mexico 1954, 1986, 2010, 2014, 2018 Balcázar & Hernández
29%
Alexandre and Celso Costa Rica 1990, 2014, 2018, 2022 Guimaraes & Borges
29%
Domingos and Ademir Brazil 1938, 1974 Da Guia
7%
Roger and Patrice France 1934, 1978 Rio
0%
Marti and Jose Spain 1934 / Mexico 1970 Vantorla
0%
No matching quizzes found
Score Distribution
Percent of People with Each Score
Percentile by Number Answered
Your Score History
You have not taken this quiz